Paroles PLAN SEQUENCE - VACRA - Statistiques

Statistiques générales
  • Ce quiz a été pris 19 fois
  • Le résultat moyen est 185 sur 277
Statistiques - réponses
Réponse % Correct
a
100%
à
100%
coup
100%
de
100%
Elle
100%
elle
100%
eu
100%
foudre,
100%
Le
100%
le
100%
m'a
100%
ma
100%
Pikachu
100%
dit :
92%
dit
92%
m'appelle
92%
tout
92%
appartient
85%
bien
85%
corps
85%
en
85%
la
85%
Laisse
85%
l'officielle
85%
lui
85%
ne
85%
pas
85%
plus
85%
que
85%
touche
85%
dans
77%
des
77%
Des
77%
d'nous”
77%
du
77%
et
77%
hier
77%
"je
77%
j'la
77%
“j'veux
77%
l'ventre,
77%
mais
77%
moi
77%
moi,
77%
Mon
77%
mon
77%
papillons
77%
partout
77%
sur
77%
toi
77%
Toi
77%
c'est
69%
C'est
69%
faut
69%
ou
69%
plan
69%
qu'on
69%
séquence
69%
Tu
69%
un
69%
avion
62%
chasse
62%
d'un
62%
est
62%
Eva
62%
j'attends
62%
jolie
62%
J'te
62%
les
62%
l'faire
62%
non
62%
On
62%
on
62%
oui,
62%
oui
62%
qui
62%
Shakira,
62%
tombes
62%
va
62%
BPM
54%
ça,
54%
Cesaria
54%
cette
54%
comme
54%
connais"
54%
déconnecte
54%
Djadja
54%
gars
54%
genre
54%
latina
54%
le dis
54%
loin
54%
mes
54%
s'ambiancer
54%
sincèrement
54%
sourire
54%
Tous
54%
veulent
54%
veut
54%
week-end,
54%
ah
46%
Audi
46%
BM
46%
boit,
46%
Gazo
46%
Jack
46%
ken
46%
Mets
46%
nana,
46%
net
46%
nous
46%
vie
46%
Y'a
46%
ADN
38%
assez
38%
aura
38%
Avec
38%
belle
38%
BN
38%
criminel
38%
end
38%
Entre
38%
finira
38%
fume
38%
guette
38%
happy
38%
Honey
38%
jamais
38%
Jojo,
38%
juste
38%
lovés
38%
mat
38%
noire
38%
pour
38%
qu't'as
38%
side
38%
sous
38%
T'aimerais
38%
y'en
38%
détourner,
31%
espère
31%
kiffé
31%
Malgré
31%
m'dit :
31%
même
31%
t'as
31%
tchop
31%
voit
31%
chichi
23%
j'arrive
23%
J't'emmènerais
23%
l'instinct
23%
mieux
23%
Tant
23%
tchin
23%
laisseront
15%
Oh la-la-la,
15%
oh la-la-la
15%
BBM
8%
Aucun quiz correspondant
Distribution des résultats
% des personnes avec chaque résultat
Percentile par nombre de réponses
Votre historique - résultats
Vous n’avez pas pris ce quiz